000 01190nam0a22002771 4500
001 rc\571404
005 20250621170418.0
035 _a(NLR Aleph) 005819978
090 _a5469162
_c5469162
100 _a20031121d1987 |||y0rusy50 ca
101 0 _arus
102 _aRU
105 _aa |||||||||
200 1 _aРабочее совещание по вопросам протонной терапии 14-18 октября 1986 г. (Ленинград)
_e[Материалы]
210 _aМ.
_cМедицина
_d1987
215 _a96 с., [1] л. ил.
_cил.
_d26
225 1 _aМедицинская радиология
_eЕжемес. науч.-теорет. журн.
_fАМН СССР, Всесоюз. науч. о-во рентгенологов и радиологов
_vТ. 32, № 8
300 _aНа обл. только загл. сер.
300 _aРез. на англ. яз.
320 _aБиблиогр. в конце ст.
710 1 2 _aРабочее совещ. по вопросам протонной терапии
_f1986
_eЛенинград
801 0 _aRU
_bNLR
_gpsbo
801 1 _aRU
_bELAR
_2rusmarc
852 _aNLR
_jП17/207
942 _cBOOK
980 _aNB